000 01532nam a2200289Ia 4500
999 _c39392
_d39392
001 5981
003 GE_BSU
005 20191030154154.0
008 181216s2012||||ge |||||||||||||| ||geo||
020 _a9789941434068
040 _cGE_BSU
041 _ageo
080 _a371.1(479.22) დ-43
100 _aდიასამიძე, ასმათ
_94930
245 _aთანამედროვე სკოლის მართვა და ხელმძღვანელობა
_cასმათ დიასამიძე ; რედ.: გულიკო შერვაშიძე, იური ბიბილეიშვილი
264 _aბათუმი :
_bშოთა რუსთაველის სახ. უნ–ტი,
_c2012.
300 _a145 გვ. ;
_b20 სმ.
504 _aბიბლიოგრ.: გვ. 138-143.
520 _a რეზ. ინგლ.
653 _aსკოლის მართვა;
653 _aსკოლის ხელმძღვანელობა;
700 _aშერვაშიძე, გულიკო
_9369
_eრედაქტორი
700 _aბიბილეიშვილი, იური
_9800
_eრედაქტორი
710 _aბათუმის სახელმწ. უნ-ტი.
_bპედ. მეცნ. დეპარტამენტი;
_94931
710 _a საქ. განათლ. მეცნ. აკად.. აჭარის განყ-ბა
_95110
942 _cBK
_2udc